| 000 | 01485nam a2200325Ia 4500 | ||
|---|---|---|---|
| 005 | 20240530110936.0 | ||
| 008 | 140319s1976 xx 000 0 ara d | ||
| 040 |
_aGCL / _cGCL |
||
| 082 | 0 | 4 |
_a510 / _bس ش |
| 100 | 1 | _aابو على الحسين بن عَبد الله بن الحسن على بن سِينَا | |
| 245 | 1 | 0 |
_aالشفاء : الفن الاول من جملة العلم الرياضى اصول الهندسة / _cتاليف ابو على الحسين بن عَبد الله بن الحسن على بن سِينَا ؛ مراجع ابراهيم بيومى مدكور ؛ محقق عبدالحميد صبره ، عبدالحميد لطفى مظهر |
| 260 |
_aالقاهرة : _bالهيئة المصرية العامة للكتاب، _c1986 |
||
| 300 |
_a448 ص؛ _b24 سم |
||
| 650 | 0 | 4 | _aالحضارة العربية الاسلامية - المعارف البحرية |
| 650 | 0 | 4 | _aالعلم |
| 650 | 0 | 4 | _aالتراث |
| 650 | 0 | 4 | _aالتراث العربى |
| 650 | 0 | 4 | _aالرياضيات |
| 650 | 0 | 4 | _aالفلك |
| 650 | 0 | 4 | _aالعلوم عند العرب |
| 650 | 0 | 4 | _aالحضارة الاسلامية |
| 650 | 0 | 4 | _aالكواكب |
| 650 | 0 | 4 | _aالشمس |
| 650 | 0 | 4 | _aالهيئة |
| 700 | 1 |
_aعبدالحميد صبره _eمحقق |
|
| 700 | 1 |
_aعبدالحميد لطفى مظهر _eمحقق |
|
| 700 | 1 |
_aابراهيم بيومى مدكور _eمراجع |
|
| 942 |
_2ddc _cBK |
||
| 999 |
_c66752 _d66752 |
||